00387nam a2200157Ia 4500008004100000020001500041041001200056082001600068100001400084245004300098250000800141260003700149300000800186650001500194700002000209221030s9999 xx 000 0 und d a8178085720 aEnglish a105.23bHer aP. Hersey 0aManagement of Organizational Behaviour a8th bPearson EducationaDelhic2005 a516 aManagement aK. H. Blanchard